000 00449nam a2200157Ia 4500
008 240126s9999 xx 000 0 und d
022 _a0976-4143
041 _aEnglish
082 _aLIBRARY-J1
245 0 _aJournal of Information Security Research (2016 -
260 _bDigital Information Research Foundation
_aChennai
440 _aNULL
650 _aInformation Science
650 _aInformation,(2016,-,Information Science
942 _cJN
999 _c290571
_d290571